ბათუმის შოთა რუსთაველის სახელმწიფო უნივერსიტეტის ბიბლიოთეკა

Alter Ego. A1. (ბიბ.ჩანაწერი № 49862)

000 -LEADER
fixed length control field 00728nam a2200241Ia 4500
001 - CONTROL NUMBER
control field 16797
003 - CONTROL NUMBER IDENTIFIER
control field GE_BSU
005 - DATE AND TIME OF LATEST TRANSACTION
control field 20200131101238.0
008 - FIXED-LENGTH DATA ELEMENTS--GENERAL INFORMATION
fixed length control field 181216s2006||||fr |||||||||||||| ||fre||
020 ## - INTERNATIONAL STANDARD BOOK NUMBER
International Standard Book Number 9782011554208
040 ## - CATALOGING SOURCE
Transcribing agency GE_BSU
080 ## - UNIVERSAL DECIMAL CLASSIFICATION NUMBER
Universal Decimal Classification number 811.133.1 A-44
100 ## - MAIN ENTRY--PERSONAL NAME
Personal name Berthet, Annie.
9 (RLIN) 6558
245 ## - TITLE STATEMENT
Title Alter Ego. A1.
Remainder of title Methode de Frangais.1 : /
Statement of responsibility, etc. Annie Berthet ; Catherine Hugot,.
260 ## - PUBLICATION, DISTRIBUTION, ETC.
Place of publication, distribution, etc. Paris
264 ## - PRODUCTION, PUBLICATION, DISTRIBUTION, MANUFACTURE, AND COPYRIGHT NOTICE
Place of production, publication, distribution, manufacture Paris :
Name of producer, publisher, distributor, manufacturer Hachette,
Date of production, publication, distribution, manufacture, or copyright notice 2006.
300 ## - PHYSICAL DESCRIPTION
Extent 192 p .;
Other physical details ill ;
Dimensions 28 cm.
Accompanying material +CD eleve
653 ## - INDEX TERM--UNCONTROLLED
keyword Alter Ego. A1.Methode de Frangais.1
653 ## - INDEX TERM--UNCONTROLLED
keyword ფრანგული ენა
653 ## - INDEX TERM--UNCONTROLLED
keyword გრამატიკა
700 ## - ADDED ENTRY--PERSONAL NAME
Personal name Hugot, Catherine.
9 (RLIN) 6550
942 ## - ADDED ENTRY ELEMENTS (KOHA)
Koha item type წიგნი
Source of classification or shelving scheme
ეგზემპლარები
Withdrawn status Lost status Source of classification or shelving scheme Damaged status Not for loan Permanent Location Current Location Shelving location Date acquired Cost, normal purchase price Full call number Barcode Date last seen Copy number Price effective from Koha item type Public note
          ბათუმის შოთა რუსთაველის სახელმწიფო უნივერსიტეტის მთავარი ბიბლიოთეკა ბათუმის შოთა რუსთაველის სახელმწიფო უნივერსიტეტის მთავარი ბიბლიოთეკა წიგნსაცავი 2018-12-17 74.00 811.133.1 A-44 45103 2018-12-17 45103 2018-12-17 წიგნი 74 gel.